000 00584nam a2200217 i 4500
001 C2-0219565
003 PPAK
005 20180728111914.0
008 990902s1974 -hka|||| ||||| | eng d
040 _aPPAK
_beng
_cPPAK
_erda
082 0 4 _a070.433
_2 23
090 0 0 _a070.433
_bASI
_dKWI
245 0 0 _aAsia magazine
264 1 _aHong Kong :
_bAsia Magazine ,
_c1974
300 _aJil. :
_billustrations ;
_c28 cm
336 _2rdacontent
_atext
337 _2rdamedia
_aunmediated
338 _2rdacarrier
_avolume
650 1 0 _aSocial sciences - Periodicals
942 _ddc
_cB
999 _c162136
_d162136